| 000 | 02985 a2200325 4500 | ||
|---|---|---|---|
| 003 | OSt | ||
| 005 | 20180116192356.0 | ||
| 008 | 120606t xxu||||| |||| 00| 0 eng d | ||
| 010 | _a 2009014431 | ||
| 020 | _a9781592535484 | ||
| 020 | _a1592535488 | ||
| 035 | _a(OCoLC)ocn316018273 | ||
| 040 | _c0 | ||
| 082 | 0 | 0 | _a745.40711 |
| 100 | 1 |
_aHeller, Steven. _94053 |
|
| 245 | 1 | 0 |
_aDesign school confidential : _bextraordinary class projects from international design schools / _cSteven Heller & Lita Talarico. |
| 246 | 3 | 0 | _aExtraordinary class projects from international design schools |
| 260 |
_aBeverly, Mass. : _bRockport Publishers, _cc2009. |
||
| 300 |
_a224 p. : _bill. (chiefly col.) ; _c26 cm. |
||
| 505 | 0 | _aIntroduction the gold standard -- Anatomy of a successful project -- The projects -- Helvetica nation -- VCUQatar 10th anniversary publications -- Cradle to grave -- Visual identity for the 25th biennial of graphic arts in Ljubljana -- On trial -- Product identity -- Locale -- Turning data into information -- Sacral design -- New identity for the academy of fine arts of Bologna -- Boston and Suzhou: a cultural concept book study -- Water, politics, and hope -- Town of split workshop -- My first political poster design: Chile, the other September 11th -- To die for -- South African stories -- The formal language of a display typeface -- Visualizing various information types across multiple channels -- X box -- Breaking the rules in interactive media design -- Medical information design -- Human rights, human wrongs -- Illustrating a fiction spread -- Prague souvenirs -- User-centered communication -- Creating meaningful graphics -- Make a chair -- Books for travel -- Collage poster workshop -- Research project -- Undaunted courage -- Development of type families for magazines -- Type as metaphor -- Horsepower -- What happened? -- Think: the credibility of information in the digital age -- Listen carefully -- Interactive music or musician's website -- Beyond the surface -- Pattern magazine -- Color y carnaval -- The transparent cover -- Reading the urban landscape -- Comic sequence -- Senior degree project in graphic design -- Modular type -- Communication design program -- Major design project -- Graphic design with any media -- The one -- Stop global warming -- Ways of seeing (sequential image making) -- Beatrice Warde and you. | |
| 650 | 1 | 0 |
_aGraphic arts _y21st century. _94054 |
| 650 | 1 | 0 |
_aDesign _xHistory _y21st century. _94055 |
| 650 | 1 | 0 |
_aGraphic arts _xStudy and teaching (Higher) _94056 |
| 650 | 1 | 0 |
_aDesign _xStudy and teaching (Higher) _94057 |
| 700 | 1 |
_aTalarico, Lita. _94058 |
|
| 856 | 4 | 2 |
_3Contributor biographical information _uhttp://www.loc.gov/catdir/enhancements/fy0910/2009014431-b.html |
| 856 | 4 | 2 |
_3Publisher description _uhttp://www.loc.gov/catdir/enhancements/fy0910/2009014431-d.html |
| 942 |
_aSADA _cBK _k745.40711 HEL 2009 _2ddc |
||
| 999 |
_c353118 _d353118 |
||